Music Quiz

Random Music or Song Quiz

Opening Lyrics IV Quiz Stats

 Plays Quiz Updated Mar 27, 2018

Score 0/19 Timer 06:00
3 Plays Today
Lyric Song % Correct
I've got sunshine on a cloudy day. When it's cold outside, I've got the month of MayMy Girl
75.7%
When the night has come, and the land is dark and the moon is the only light we will seeStand By Me
63.1%
Today is gonna be the day that they're gonna throw it back to you Wonderwall
62.7%
I made it through the wilderness, somehow I made it throughLike a Virgin
43.3%
Please allow me to introduce myself, I'm a man of wealth and tasteSympathy for the Devil
41.3%
Where is the moment we needed the most? You kick up the leaves and the magic is lostBad Day
40.6%
Sometime in our lives we all have pain we all have sorrowLean On Me
37.5%
Where it began, I can't begin to know when but then I know it's growing strongSweet Caroline
37.4%
Born down in a dead man's town The first kick I took was when I hit the groundBorn in the U.S.A.
35.1%
What's with these homies dissin' my girl?Buddy Holly
34.2%
Lyric Song % Correct
Sometimes I feel I've got to run away I've got to get away from the pain you drive into the heart of meTainted Love
33.9%
It's been seven hours and fifteen days since you took your love awayNothing Compares 2 U
32.3%
I was down at the New Amsterdam staring at this yellow-haired girlMr. Jones
27.5%
Closed off from love I didn't need the pain. Once or twice was enough and it was all in vainBleeding Love
21.7%
I've been a bad bad girl, I've been careless with a delicate manCriminal
19.3%
The problem is all inside your head she said to me The answer is easy if you take it logically50 Ways to Leave Your Lover
13.3%
You can tell the world you never was my girl. You can burn my clothes when I'm goneAchy Breaky Heart
6.5%
Wine is fine, but whiskey's quickerSuicide Solution
3.6%
Jesus died for somebody's sins but not mineGloria
3.3%

You're not logged in!

Compare scores with friends on all Sporcle quizzes.
OR
Log In

Sporcle TV

Today on Sporcle TV


Watch our educational content, quiz creation guides, and fun videos on Sporcle TV.

Show Comments

Extras

Top Quizzes Today


Score Distribution

Your Account Isn't Verified!

In order to create a playlist on Sporcle, you need to verify the email address you used during registration. Go to your Sporcle Settings to finish the process.

Report this User

Report this user for behavior that violates our Community Guidelines.

Details: